[Event "21. Activity-Cup"]
[Site "Tennispoint Vienna, 1030 Wien,"]
[Date "2018.07.26"]
[Round "7.4"]
[White "Manukyan, Sem"]
[Black "Miazhynski, Alexander"]
[Result "1-0"]
[WhiteElo "1166"]
[BlackElo "1122"]
[PlyCount "114"]
[EventDate "2018.07.23"]

1. d4 Nf6 2. c4 g6 3. Nc3 Bg7 4. e4 d6 5. f4 O-O 6. Nf3 Nbd7 7. Be2 Nh5 8. Ng1
Nhf6 9. Nf3 Nb6 10. Be3 Bg4 11. O-O Bxf3 12. Rxf3 Ng4 13. Rc1 e6 14. Qd3 Nxe3
15. Qxe3 c5 16. dxc5 dxc5 17. e5 Qe7 18. Ne4 Nd7 19. Nd6 b6 20. b3 Nb8 21. Rh3
Nc6 22. Bf3 Qc7 23. Nb5 Qb7 24. Qe4 a6 25. Nd6 Qc7 26. Qxc6 Qxc6 27. Bxc6 Rad8
28. Rd3 f6 29. exf6 Bxf6 30. Rcd1 Bd4+ 31. Rxd4 cxd4 32. Rxd4 Kg7 33. b4 Kf6
34. c5 Ke7 35. g3 bxc5 36. bxc5 Rb8 37. Rd2 Rfd8 38. Kf2 Rb1 39. Rc2 Rdb8 40.
Ke3 Re1+ 41. Kf3 h5 42. Bb7 Rb1 43. Bxa6 R8b2 44. Rxb2 Rxb2 45. Bc4 Rxh2 46.
Nc8+ Kd7 47. Nb6+ Ke7 48. a4 h4 49. gxh4 Rxh4 50. Bb5 Rh5 51. c6 Kd8 52. Nc4
Rc5 53. Nb6 Kc7 54. Na8+ Kc8 55. Ba6+ Kb8 56. c7+ Rxc7 57. Nxc7 Kxc7 1-0

[Event "21. Activity-Cup"]
[Site "Tennispoint Vienna, 1030 Wien,"]
[Date "2018.07.26"]
[Round "7.5"]
[White "Broneder, Kurt"]
[Black "Bilyalov, Erol"]
[Result "1/2-1/2"]
[WhiteElo "1098"]
[BlackElo "1495"]
[PlyCount "140"]
[EventDate "2018.07.23"]

1. f4 d5 2. Nf3 Nc6 3. e3 Bg4 4. Bb5 a6 5. Bxc6+ bxc6 6. O-O Nf6 7. b3 g6 8.
Bb2 Bg7 9. d3 Bxf3 10. Rxf3 O-O 11. Nd2 Qd7 12. Qe2 Rfe8 13. h3 Qf5 14. Rb1
Red8 15. Ba3 e5 16. fxe5 Qxe5 17. Bb2 Qe7 18. Rbf1 Ne8 19. Qf2 f5 20. Bxg7 Nxg7
21. d4 Re8 22. c4 a5 23. c5 Ne6 24. Rc1 Ng5 25. Rg3 Ne4 26. Nxe4 Qxe4 27. Qf4
Qxf4 28. exf4 Re4 29. h4 Rxf4 30. h5 Rg4 31. Rxg4 fxg4 32. hxg6 hxg6 33. Re1
Kf7 34. Kf2 Rb8 35. Rb1 Rb4 36. Ke3 a4 37. a3 Rxb3+ 38. Rxb3 axb3 39. Kd2 Ke8
40. Kc3 Kd8 41. Kxb3 Kc8 42. Kc3 Kb7 43. Kd3 Ka6 44. Ke3 Ka5 45. Kf4 Ka4 46.
Kxg4 Kxa3 47. Kg5 Kb4 48. Kxg6 Kc4 49. Kf5 Kxd4 50. g4 Kxc5 51. g5 d4 52. g6 d3
53. g7 d2 54. g8=Q d1=Q 55. Qc8 Qf3+ 56. Kg5 Qd5+ 57. Kf6 Qf3+ 58. Kg5 Qg3+ 59.
Kh5 Qe5+ 60. Kh6 Qf6+ 61. Kh7 Qf7+ 62. Kh8 Kd6 63. Qa6 Qf6+ 64. Kh7 Qh4+ 65.
Kg8 Qg5+ 66. Kh8 Qh6+ 67. Kg8 Qg6+ 68. Kh8 Ke7 69. Qa3+ Kf7 70. Qe7+ Kxe7
1/2-1/2

[Event "21. Activity-Cup"]
[Site "Tennispoint Vienna, 1030 Wien,"]
[Date "2018.07.26"]
[Round "7.6"]
[White "Pavlov, Alexander"]
[Black "Pavlov, Julian"]
[Result "1-0"]
[WhiteElo "1152"]
[BlackElo "870"]
[PlyCount "75"]
[EventDate "2018.07.23"]

1. e4 e5 2. Nf3 Nc6 3. Bc4 Bc5 4. O-O Nf6 5. d3 O-O 6. Bg5 d6 7. h3 h6 8. Bh4
Re8 9. Nc3 Be6 10. Bd5 Bxd5 11. Nxd5 a6 12. Qd2 Bd4 13. c3 Bc5 14. Bxf6 gxf6
15. Qxh6 Re6 16. Nh4 Qf8 17. Nxf6+ Rxf6 18. Qxf6 d5 19. Nf5 dxe4 20. dxe4 Be7
21. Nxe7+ Qxe7 22. Qxe7 Nxe7 23. f3 Ng6 24. Rfd1 Nf4 25. Rd7 Rc8 26. Rad1 Ne6
27. Re7 Kf8 28. Rdd7 f6 29. Rxe6 Kg8 30. Rxf6 Kh8 31. Rff7 Ra8 32. Rxc7 Kg8 33.
Rxb7 Kh8 34. c4 Kg8 35. c5 Kh8 36. c6 Rc8 37. Ra7 Rxc6 38. Rf8# 1-0

[Event "21. Activity-Cup"]
[Site "Tennispoint Vienna, 1030 Wien,"]
[Date "2018.07.26"]
[Round "7.7"]
[White "Manukyan, David"]
[Black "Kober, Stefan"]
[Result "0-1"]
[WhiteElo "900"]
[BlackElo "826"]
[PlyCount "130"]
[EventDate "2018.07.23"]

1. d4 d5 2. c4 e6 3. Nc3 Nf6 4. e3 Bb4 5. Bd2 Nc6 6. cxd5 exd5 7. Bb5 Bd7 8. a3
Bxc3 9. Bxc3 O-O 10. Nf3 a6 11. Bxc6 Bxc6 12. Ne5 Bb5 13. a4 Bd7 14. Qb3 b6 15.
Bb4 a5 16. Bxf8 Kxf8 17. Nxd7+ Qxd7 18. O-O Ne4 19. Qd3 Kg8 20. Qb5 Qxb5 21.
axb5 Rc8 22. Rfb1 Nd2 23. Rd1 Nc4 24. Rab1 Nd6 25. b4 a4 26. Rdc1 Nc4 27. Rxc4
dxc4 28. Rc1 a3 29. Rxc4 a2 30. Rc1 Ra8 31. Ra1 f6 32. Kf1 Kf7 33. Ke1 Ke6 34.
e4 f5 35. f3 Ra4 36. Ke2 fxe4 37. fxe4 Rxb4 38. Rxa2 Rxd4 39. Ke3 Ke5 40. Kf3
Rxe4 41. Rc2 Rf4+ 42. Ke3 Rf7 43. Rc4 Re7 44. Kf3 Kd5 45. Rg4 c5 46. bxc6 Kxc6
47. Rg5 Kb7 48. h4 Ka6 49. g4 b5 50. Rd5 Ka5 51. h5 Ka4 52. g5 b4 53. Kf4 b3
54. h6 g6 55. Re5 Rf7+ 56. Ke4 b2 57. Kd4 b1=Q 58. Re8 Qd1+ 59. Kc4 Qb3+ 60.
Kd4 Qb6+ 61. Kc3 Qc6+ 62. Kd3 Qxe8 63. Kd4 Rf1 64. Kd5 Rd1+ 65. Kc4 Qc8# 0-1

[Event "21. Activity-Cup"]
[Site "Tennispoint Vienna, 1030 Wien,"]
[Date "2018.07.26"]
[Round "7.8"]
[White "Staicu, Natalia"]
[Black "Djeno, Marta"]
[Result "0-1"]
[WhiteElo "800"]
[BlackElo "1065"]
[PlyCount "64"]
[EventDate "2018.07.23"]

1. e4 d6 2. Bb5+ Bd7 3. Bxd7+ Nxd7 4. Nf3 g6 5. O-O Ngf6 6. Nc3 Bg7 7. h4 h5 8.
Nd4 c5 9. Nf3 O-O 10. b3 Ng4 11. Re1 a6 12. Na4 Bxa1 13. d3 Bg7 14. Bf4 b5 15.
Qd2 bxa4 16. bxa4 Be5 17. Bxe5 Ngxe5 18. Nxe5 Nxe5 19. d4 Ng4 20. dxc5 dxc5 21.
Qxd8 Rfxd8 22. f3 Ne5 23. a5 Rd2 24. f4 Ng4 25. f5 Rad8 26. Kf1 Rf2+ 27. Kg1
Rdd2 28. fxg6 fxg6 29. Rb1 Rxg2+ 30. Kf1 Rxc2 31. Rb8+ Kg7 32. Ke1 Rg1# 0-1